Представление документа в формате RUSMARC

ПолеНазваниеЗначение
  Тип записи a
  Библиографический уровень a
001 Контрольный номер RU/CBS_UL/BASE/c16d6dacbbb04d4080a61d80b5b67b93
005 Дата корректировки 20260205181840.8
100 Данные общей обработки __
a Данные общей обработки 20260205 ||| 0rusy0189 ca
101 Язык документа 0_
a Язык текста rus
102 Страна публикации __
a Страна публикации RU
200 Заглавие и сведения об ответственности 1_
a Заглавие Алексей Маклаков: " Со мной не очень легко снимать кино"
e Сведения, относящиеся к заглавию [беседа с актёром А. Маклаковым о жизни и творчестве]
f Первые сведения об ответственности А. Маклаков
g Последующие сведения об ответственности бесед. М. Порк
300 Общие примечания __
a Общие примечания 16+
461 Уровень набора _0
1 2000
a Коллекция КАРАВАН историй
463 Уровень физической единицы _0
1 2000
a № 1
v С. 132-151 : фот
1 2101
d 2026
1 001RU/CBS_UL/BASE/acf7af95dd5d4fbaae423ecf9693e707
600 Персоналии _1
a Персоналии (Фамилия) Маклаков
b Персоналии (Имя, инициалы) А.К.
606 Тематические рубрики 0_
a Основная рубрика Маклаков, Алексей Константинович (1961)
610 Ключевые слова 0_
a Ключевые слова актёры советские, актёры российские, актёры театра, актёры кино, актёры телевидения, певцы, заслуженные артисты Российской Федерации
686 Индексы других классификаций __
2 Код системы rubbk
a Классификационный индекс 85.374(2)
700 Автор _1
a Фамилия Маклаков
b Имя (инициалы) А.
801 Источник записи _0
a Страна RU
b Организация МБУК ЦБС г. Ульяновска
c Дата составления 20260205
g Правила каталогизации RCR
801 Источник записи _1
a Страна RU
b Организация МБУК ЦБС г. Ульяновска
c Дата составления 20260205
g Правила каталогизации RCR
901 Тип документа __
t Тип документа b
w Контрольный № источника RU/CBS_UL/BASE/acf7af95dd5d4fbaae423ecf9693e707
909 Создатель записи __
a Создатель записи lib1